000 00519nam a2200193Ia 4500
005 20260429112311.0
008 260429s9999||||xx |||||||||||||| ||und||
020 _a9789383762743
041 _aEnglish
082 _a519.5
_bGAJ
100 _aGajbhiye, Tathagat
245 0 _aAdvanced statistics /
_cTathagat Gajbhiye
260 _aNew Delhi :
_bSwastik Publications,
_c2026.
300 _aviii, 288 p.; hb
650 _a Statistical mathematics
650 _a Statistics
650 _aProbability
942 _cTB
999 _c53378
_d53378